Quản lý giáo dục hướng nghiệp trung học phổ thông cần những giải pháp mới để góp phần phát triển nguồn nhân lực phục vụ công nghiệp hóa, hiện đại hóa /

Tallennettuna:
Bibliografiset tiedot
Päätekijä: Hồ Văn Thống, ThS.
Aineistotyyppi: Artikkeli
Kieli:Vietnamese
Aiheet:
Tagit: Lisää tagi
Ei tageja, Lisää ensimmäinen tagi!
Thư viện lưu trữ: Thư viện Trường Đại học Đà Lạt
LEADER 00937nam a2200265 4500
001 DLU120133963
005 ##20120418
040 # # |a DLU  |b vie 
041 # # |a vie 
044 # # |a vn 
100 # # |a Hồ Văn Thống,   |c ThS. 
245 # # |a Quản lý giáo dục hướng nghiệp trung học phổ thông cần những giải pháp mới để góp phần phát triển nguồn nhân lực phục vụ công nghiệp hóa, hiện đại hóa /  |c Hồ Văn Thống. 
653 # # |a Đào tạo chuyên nghiệp 
653 # # |a Hướng nghiệp 
653 # # |a Phát triển nguồn nhân lực 
773 # # |t Tạp chí Giáo dục  |g Số 6(240), 2010, tr. 6-9 
920 # # |a Phòng Tạp chí -- Trung tâm Thông tin - Thư viện Trường Đại học Đà Lạt 
994 # # |a DLU 
900 # # |a True 
911 # # |a Nguyễn Thị Linh Chi 
925 # # |a G 
926 # # |a A 
927 # # |a BB 
980 # # |a Thư viện Trường Đại học Đà Lạt